000 01173naa a2200301 c 4500
001 46661
003 ES-MaCES
005 20151209141443.0
008 151113s2015 sp ||||| t||||||| ||spa d
040 _aES-MaCES
_bspa
_cES-MaCES
_dES-MaCES
041 _aspa
100 1 _913963
_aGorelli Hernández, Juan
245 1 3 _aLa reforma de las prestaciones por cese de actividad
_b= The reform of the provision for cessation
_cJuan Gorelli Hernández
500 _aResumen
650 4 _930170
_atrabajo a cuenta propia
650 4 _928412
_atrabajador independiente
650 4 _930800
_arégimen especial de trabajadores autónomos
650 4 _927034
_aseguridad social
650 4 _929064
_acierre de empresa
650 4 _930465
_apago de prestaciones
650 4 _929076
_aprotección social
650 4 _929855
_alegislación de seguridad social
650 4 _929892
_areforma legislativa
653 1 0 _aSeguridad Social
773 0 _983605
_dMurcia Laborum 2014-
_o086507
_tRevista de Derecho de la Seguridad Social
_w(ES-MaCES)46201
_gn. 5 (4º trim. 2015) {55/1132 R. 086507} ;p. 29-62
902 _aART Artículo de revista
942 _2CES
_cAR
_h3.0.
999 _c46661
_d46661